FREESTYLE FUN / (Record no. 176244)
[ view plain ]
| 000 -LEADER | |
|---|---|
| fixed length control field | 01713nam a22003497i 4500 |
| 003 - CONTROL NUMBER IDENTIFIER | |
| control field | OSt |
| 005 - DATE AND TIME OF LATEST TRANSACTION | |
| control field | 20200129152427.0 |
| 008 - FIXED-LENGTH DATA ELEMENTS--GENERAL INFORMATION | |
| fixed length control field | 200129t20192019mnua b 000 1ceng d |
| 020 ## - INTERNATIONAL STANDARD BOOK NUMBER | |
| International Standard Book Number | 9781496564931 |
| Terms of availability | RM99.00 |
| Qualifying information | hardback |
| 040 ## - CATALOGING SOURCE | |
| Original cataloging agency | PPAK |
| Language of cataloging | eng |
| Transcribing agency | PPAK |
| Description conventions | rda |
| 082 04 - DEWEY DECIMAL CLASSIFICATION NUMBER | |
| Edition number | 23 |
| Classification number | 813.6 |
| 090 00 - LOCALLY ASSIGNED LC-TYPE CALL NUMBER (OCLC); LOCAL CALL NUMBER (RLIN) | |
| Classification number (OCLC) (R) ; Classification number, CALL (RLIN) (NR) | 813.6 |
| Feature heading | HOE |
| Feature heading | K |
| 100 1# - MAIN ENTRY--PERSONAL NAME | |
| Personal name | Hoena, Blake, |
| Relator term | author. |
| 245 10 - TITLE STATEMENT | |
| Title | FREESTYLE FUN / |
| Statement of responsibility, etc. | BY BLAKE ; ILLUSTATEDBB BY FERN CANO |
| 246 3# - VARYING FORM OF TITLE | |
| Title proper/short title | Thunder trucks! : |
| Remainder of title | freestyle fun |
| 264 #1 - PRODUCTION, PUBLICATION, DISTRIBUTION, MANUFACTURE, AND COPYRIGHT NOTICE | |
| Place of production, publication, distribution, manufacture | North Mankato, Minnesota : |
| Name of producer, publisher, distributor, manufacturer | Stone Arch Books, |
| Date of production, publication, distribution, manufacture, or copyright notice | 2019 |
| Date of production, publication, distribution, manufacture, or copyright notice | ©2019 |
| 300 ## - PHYSICAL DESCRIPTION | |
| Extent | 52 pages : |
| Other physical details | colour illustrations ; |
| Dimensions | 20 cm |
| 336 ## - CONTENT TYPE | |
| Source | rdacontent |
| Content type term | text |
| 337 ## - MEDIA TYPE | |
| Source | rdamedia |
| Media type term | unmediated |
| 338 ## - CARRIER TYPE | |
| Source | rdacarrier |
| Carrier type term | volume |
| 490 1# - SERIES STATEMENT | |
| Series statement | THUNDERTRUCK! |
| 505 ## - FORMATTED CONTENTS NOTE | |
| Title | The pit --<br/> |
| -- | Prelims --<br/> |
| -- | Free-for-all --<br/> |
| -- | Golden fenders --<br/> |
| -- | Fixed up --<br/> |
| -- | Argonutz. |
| 520 ## - SUMMARY, ETC. | |
| Summary, etc. | "Jason is ready to win the famous golden fenders, but it's not going to be easy. He has to take on the likes of Perseus and The Hydra in a freestyle event. While he is doing wheelies and donuts, one evil official is trying to make sure Jason gets crushed by his completion. ThunderTrucks combines Greek mythology and monster trucks, using action-packed text in the early chapter book format to keep young readers racing to finish. A glossary, author and illustrator bios, and additional Greek myth information round out these exciting early chapter books"--Amazon.com. |
| 521 2# - TARGET AUDIENCE NOTE | |
| Target audience note | For primary school age |
| 650 10 - SUBJECT ADDED ENTRY--TOPICAL TERM | |
| Topical term or geographic name entry element | Trucks |
| Form subdivision | Juvenile fiction |
| Topical term or geographic name entry element | Contests |
| Form subdivision | Juvenile fiction |
| Topical term or geographic name entry element | Competition (Psychology) |
| Form subdivision | Juvenile fiction |
| 700 1# - ADDED ENTRY--PERSONAL NAME | |
| Personal name | Cano, Fern, |
| Relator term | illustrator. |
| 830 #0 - SERIES ADDED ENTRY--UNIFORM TITLE | |
| Uniform title | ThunderTrucks! |
| 942 ## - ADDED ENTRY ELEMENTS (KOHA) | |
| Source of classification or shelving scheme | Dewey Decimal Classification |
| Koha item type | Book |
| Withdrawn | Not for loan | Current library | Shelving location | Date acquired | Total Checkouts | Total Renewals | Full call number | Barcode | Checked out | Date last seen | Date last checked out | Koha item type |
|---|---|---|---|---|---|---|---|---|---|---|---|---|
| Perpustakaan Alor Setar | Pinjaman Kanak-kanak | 12/03/2020 | 3 | 3 | K 813.6 HOE | A01635038 | 20/05/2026 | 29/04/2026 | 29/04/2026 | Book |